[Event "Bezirksliga Oberbayern 1819"]
[Site "Bayern"]
[Date "2019.02.24"]
[Round "7.8"]
[White "Koehl, Franz Xaver"]
[Black "Wohner, Johann"]
[Result "1-0"]
[WhiteElo "1861"]
[BlackElo "1546"]
[PlyCount "159"]
[EventDate "2018.10.21"]
[EventType "team-tourn"]
[EventRounds "9"]
[EventCountry "GER"]
[SourceTitle "EXT 2022"]
[Source "ChessBase"]
[SourceDate "2021.10.06"]
[SourceVersion "1"]
[SourceVersionDate "2021.10.06"]
[SourceQuality "1"]
[WhiteTeam "Germering II"]
[BlackTeam "Traunstein/Traunreut"]
[WhiteTeamCountry "GER"]
[BlackTeamCountry "GER"]

1. e4 c6 2. d4 d5 3. exd5 cxd5 4. Bd3 Nf6 5. c3 Bg4 6. Ne2 Nc6 7. h3 Bh5 8. Qb3 Qd7 9. Nf4 e6 10. Be3 Bd6 11. Nd2 a6 12. 0-0 0-0 13. Nxh5 Nxh5 14. Qd1 Nf4 15. Bc2 b5 16. Qg4 f5 17. Qf3 Qc7 18. Bxf4 Bxf4 19. Nb3 Bh2+ 20. Kh1 Bd6 21. Rfe1 Nd8 22. Re2 Ra7 23. Rae1 Rf6 24. Nc1 Qf7 25. Nd3 Rc7 26. Bb3 Kh8 27. Bxd5 Re7 28. Bb3 g5 29. Ne5 Bxe5 30. Rxe5 g4 31. hxg4 fxg4 32. Qxg4 Rf4 33. Qg3 Rxf2 34. Rg5 Rf1+ 35. Rxf1 Qxf1+ 36. Kh2 Qf8 37. Qe5+ Rg7 38. Kg3 Qe7 39. Kg4 Qxg5+ 40. Qxg5 Rxg5+ 41. Kxg5 Kg7 42. Bc2 h6+ 43. Kf4 Kf6 44. Be4 a5 45. b3 Nf7 46. Bc6 b4 47. c4 e5+ 48. dxe5+ Nxe5 49. Be4 Nd7 50. Bc2 Nc5 51. Kg4 Ne6 52. g3 Nd4 53. Bd3 Ne6 54. Kh5 Kg7 55. Bf5 Nc5 56. Bc2 Ne6 57. g4 Nf4+ 58. Kh4 Ne6 59. Bf5 Nc5 60. Kg3 Kf6 61. Kf4 a4 62. bxa4 Nxa4 63. Bc2 Nc5 64. Bb3 Nd3+ 65. Ke3 Ne5 66. Kf4 Nd3+ 67. Kg3 Kg5 68. Bd1 Nc5 69. Kf3 Kf6 70. Kf4 Nd3+ 71. Ke4 Nc5+ 72. Kd4 Ne6+ 73. Kd5 Ke7 74. c5 Kd7 75. Ba4+ Ke7 76. Kc4 Nf4 77. Bd1 Kd7 78. Kxb4 Nd3+ 79. Kb5 Kc7 80. a4 1-0

[Event "Regionalliga SO 9596"]
[Site "Bayern"]
[Date "1996.01.14"]
[Round "4"]
[White "Koehl, Franz Xaver"]
[Black "Wagner, Hans2222"]
[Result "1/2-1/2"]
[WhiteElo "2040"]
[BlackElo "2130"]
[PlyCount "84"]
[EventDate "1995.10.15"]
[EventType "team-tourn"]
[EventRounds "9"]
[EventCountry "GER"]
[SourceTitle "EXT 1999"]
[Source "ChessBase"]
[SourceDate "1998.11.16"]
[SourceVersion "1"]
[SourceVersionDate "1998.11.16"]
[SourceQuality "1"]
[WhiteTeam "Unterpfaff Germering"]
[BlackTeam "Pfarrkirchen SC"]
[WhiteTeamCountry "GER"]
[BlackTeamCountry "GER"]

1. e4 c5 2. Nf3 e6 3. b3 Nf6 4. e5 Nd5 5. Bb2 Nc6 6. g3 b6 7. Bg2 Bb7 8. 0-0 Be7 9. Na3 0-0 10. d4 cxd4 11. Nxd4 Rb8 12. c4 Ndb4 13. Ndb5 a6 14. Nd6 Ba8 15. Qd2 f6 16. exf6 Bxf6 17. Bxf6 Qxf6 18. Rad1 Rfd8 19. Nb1 a5 20. f4 Ne7 21. Bxa8 Rxa8 22. Nc3 Rab8 23. Nce4 Qg6 24. Ng5 Nbc6 25. Rfe1 h6 26. Nf3 Nf5 27. a3 Qh5 28. Kg2 Nxd6 29. Qxd6 Qc5 30. Ne5 Nxe5 31. Rxe5 Qc8 32. Rb5 Qb7+ 33. Kf2 Qe4 34. Qd3 Qc6 35. Qf3 Qc7 36. Qe4 Rf8 37. h4 Kh8 38. Qd4 Rfd8 39. Qe5 Qc6 40. Rd6 Qh1 41. Qe1 Qh2+ 42. Kf3 a4 1/2-1/2

[Event "Regionalliga SO 9495"]
[Site "Bayern"]
[Date "1994.??.??"]
[Round "?.6"]
[White "Koehl, Franz Xaver"]
[Black "Stroeher, Wolfgang"]
[Result "1/2-1/2"]
[WhiteElo "2025"]
[BlackElo "1925"]
[PlyCount "66"]
[EventDate "1994.10.??"]
[EventType "team-tourn"]
[EventRounds "9"]
[EventCountry "GER"]
[SourceTitle "EXT 1999"]
[Source "ChessBase"]
[SourceDate "1998.11.16"]
[SourceVersion "1"]
[SourceVersionDate "1998.11.16"]
[SourceQuality "1"]
[WhiteTeam "Unterpfaff Germering"]
[BlackTeam "Straubing SC"]
[WhiteTeamCountry "GER"]
[BlackTeamCountry "GER"]

1. e4 e5 2. Nc3 Nc6 3. Bc4 Nf6 4. d3 Na5 5. Bb3 Nxb3 6. axb3 Be7 7. Nge2 0-0 8. 0-0 d6 9. Ng3 c6 10. f4 Re8 11. fxe5 dxe5 12. h3 h6 13. Be3 b6 14. Qd2 Nh7 15. Qf2 Be6 16. Nf5 Bg5 17. Rae1 Nf8 18. h4 Bxe3 19. Rxe3 Bxf5 20. Qxf5 Qd7 21. Qh5 Ng6 22. Ne2 Qe7 23. g3 Qc5 24. Qf3 Re7 25. Nc3 Rd8 26. Kg2 Nf8 27. Qf2 Ne6 28. Rf3 Qxf2+ 29. R3xf2 Nd4 30. Nd1 f6 31. Ne3 Rc7 32. Ra1 Rdd7 33. Raf1 Rd8 1/2-1/2